Pittsburgh Steelers 2025-26 Starters - Statistics

General Stats
  • This quiz has been taken 275 times
  • The average score is 20 of 28
Answer Stats
Hint Answer % Correct
QB Aaron Rodgers
100%
WR1 DK Metcalf
98%
WLB T.J. Watt
94%
RB1 Jaylen Warren
93%
WR2 Calvin Austin
92%
RB2 Kenneth Gainwell
92%
TE Darnell Washington
89%
PK Chris Boswell
85%
FS Jalen Ramsey
83%
LDE Cameron Heyward
81%
TE Pat Freiermuth
78%
WR3 Roman Wilson
77%
RILB Payton Wilson
76%
TE Jonnu Smith
75%
RCB Joey Porter Jr.
74%
SLB Alex Highsmith
72%
LILB Patrick Queen
70%
LT Broderick Jones
64%
C Zach Frazier
61%
RDE Derrick Harmon
54%
LCB Darius Slay
53%
P Corliss Waitman
52%
RG Mason McCormick
52%
RT Troy Fautanu
52%
NT Keeanu Benton
51%
SS Deshon Elliot
50%
LG Isaac Seumalo
42%
NB Brandin Echols
31%
No matching quizzes found
Score Distribution
Percent of People with Each Score
Percentile by Number Answered
Your Score History
You have not taken this quiz